Visconti e il suo lavoro.

সংরক্ষণ করুন:
গ্রন্থ-পঞ্জীর বিবরন
অন্যান্য লেখক: Visconti, Luchino
বিন্যাস: গ্রন্থ
ভাষা:ইতালিয়
প্রকাশিত: Milano : Electa, [1981]
বিষয়গুলি:
ট্যাগগুলো: ট্যাগ যুক্ত করুন
কোনো ট্যাগ নেই, প্রথমজন হিসাবে ট্যাগ করুন!

MARC

LEADER 00000nam a22000007i 4500
001 IT\ICCU\CFI\0027617
003 ItRI
005 20260115232226.0
008 870318s1981 it |||||| ||||| |||||c
015 |2 IT  |a 81-5483 
040 |b ita  |c importazione bologna sebina 
041 7 |a ita  |2 ISO-639-2 
082 |a 792  |9 RAPPRESENTAZIONI SCENICHE (TEATRO)  |2 18 
082 |a 791.4302330924  |9 CINEMA. REGIA. PERSONE COLLEGATE CON IL SOGGETTO  |2 19 
245 0 0 |a Visconti e il suo lavoro. 
260 |a Milano :  |b Electa,  |c [1981] 
300 |a 71 p. :  |b ill. ;  |c 25 cm 
500 |a Catalogo della Mostra tenuta a Milano nel 1981 
650 7 |a Esposizioni  |x Milano  |x 1981  |2 scbi 
650 7 |a Visconti, Luchino  |x Esposizioni  |x 1981  |2 scbi 
700 1 |a Visconti, Luchino  |0 IT\ICCU\CFIV\013289 
790 1 |a Visconti, Lukino  |3 IT\ICCU\BVEV\043227  |z Visconti, Luchino 
942 |2 ddc  |c BK  |n 0 
952 |0 0  |1 0  |4 0  |6 DOC_791_430000000000000_VIS  |7 0  |9 22381  |a BO  |b BO  |d 2026-01-15  |i 15947  |l 0  |o DOC 791.430 VIS  |p BO15947  |r 2026-01-15 23:22:26  |w 2026-01-15  |x [Sebina 7] [1 v.]  |y BK  |z 1 v. (2. ed.,ma rist. 1983) 
999 |c 19113  |d 19113